[Event "Chigorin Memorial 2018"]
[Site "St. Petersburg"]
[Date "2018.11.01"]
[Round "6.73"]
[White "Kiselev, Pavel"]
[Black "Tsapalin, Sergey"]
[Result "1/2-1/2"]
[WhiteElo "2278"]
[BlackElo "2032"]
[PlyCount "143"]
[EventDate "2018.10.27"]
[EventType "swiss"]
[EventCountry "RUS"]
[WhiteTeam "Russland"]
[BlackTeam "Russland"]
[WhiteTeamCountry "RUS"]
[BlackTeamCountry "RUS"]

1. d4 Nf6 2. c4 c5 3. d5 b5 4. cxb5 a6 5. bxa6 g6 6. Nc3 Bxa6 7. e4 Bxf1 8. Kxf1 d6 9. g3 Bg7 10. Kg2 Nbd7 11. Nf3 O-O 12. a4 Qa5 13. Ra3 Rfb8 14. Qc2 Ng4 15. Nb5 Nge5 16. Bd2 Qd8 17. Nxe5 Nxe5 18. f4 Nd7 19. Rd1 Nb6 20. b3 Nxd5 21. exd5 Rxb5 22. Re1 Rb7 23. a5 Qd7 24. Qc4 h5 25. h3 Bf6 26. Re3 Bd4 27. Re1 Re8 28. a6 Ra7 29. Ra5 e6 30. Re4 exd5 31. Qxd5 Rea8 32. b4 Rxa6 33. bxc5 Rxa5 34. Bxa5 Rxa5 35. Rxd4 Qa7 36. Qxd6 Rxc5 37. Rd2 Rc1 38. Qd4 Qb7+ 39. Qd5 Qb1 40. Kh2 Rg1 41. f5 gxf5 42. Re2 Re1 43. Rxe1 Qxe1 44. Qxf5 Qe2+ 45. Kg1 Qe1+ 46. Kg2 Qe2+ 47. Kg1 Qe1+ 48. Kg2 Qe2+ 49. Qf2 Qe4+ 50. Kh2 Qg6 51. Qe2 Kg7 52. Qe5+ Kh7 53. h4 Qc2+ 54. Kg1 Qb1+ 55. Kf2 Qc2+ 56. Ke3 Qc1+ 57. Ke4 Qe1+ 58. Kd5 Qxe5+ 59. Kxe5 Kg6 60. Ke4 f6 61. Kf4 Kg7 62. Ke3 Kg6 63. Ke4 Kg7 64. Kd5 Kf7 65. Kd6 Kf8 66. Ke6 Kg7 67. Ke7 Kg6 68. Kf8 f5 69. Ke7 f4 70. gxf4 Kf5 71. Kd6 Kxf4 72. Kd5 1/2-1/2

[Event "Chigorin Memorial 2018"]
[Site "St. Petersburg"]
[Date "2018.11.01"]
[Round "6.74"]
[White "Petrochenko, Maria"]
[Black "Leontiev, Aleksandr V."]
[Result "1-0"]
[WhiteElo "2054"]
[BlackElo "2276"]
[PlyCount "79"]
[EventDate "2018.10.27"]
[EventType "swiss"]
[EventCountry "RUS"]
[WhiteTeam "Russland"]
[BlackTeam "Russland"]
[WhiteTeamCountry "RUS"]
[BlackTeamCountry "RUS"]

1. d4 Nf6 2. c4 g6 3. f3 d5 4. cxd5 Nxd5 5. e4 Nb6 6. Be3 Bg7 7. Nc3 O-O 8. Qd2 Nc6 9. O-O-O f5 10. e5 Nb4 11. Nh3 Qe8 12. Kb1 c5 13. dxc5 f4 14. Bd4 Qf7 15. b3 Nd7 16. e6 Qf5+ 17. Ne4 Ne5 18. Qxb4 Nc6 19. Qa4 Rd8 20. Bxg7 Rxd1+ 21. Kc2 Rxf1 22. Rxf1 Kxg7 23. Qc4 Bxe6 24. Qc3+ Kg8 25. Qd2 Rf8 26. Nhf2 Rd8 27. Qc3 Nd4+ 28. Kb1 Nb5 29. Qa5 b6 30. Qxb5 Rc8 31. Rc1 Qh5 32. h3 Qe5 33. Qb4 Bf5 34. Nd3 Qd5 35. Qc4 Qxc4 36. Rxc4 bxc5 37. Rxc5 Rxc5 38. Ndxc5 Kf7 39. b4 g5 40. Kb2 1-0

[Event "Chigorin Memorial 2018"]
[Site "St. Petersburg"]
[Date "2018.11.01"]
[Round "6.75"]
[White "Myshkovskiy, Sviatoslav"]
[Black "Gitelson, Arkady"]
[Result "0-1"]
[WhiteElo "2046"]
[BlackElo "2264"]
[PlyCount "84"]
[EventDate "2018.10.27"]
[EventType "swiss"]
[EventCountry "RUS"]
[WhiteTeam "Russland"]
[BlackTeam "Russland"]
[WhiteTeamCountry "RUS"]
[BlackTeamCountry "RUS"]

1. d4 Nf6 2. c4 c5 3. d5 b5 4. cxb5 a6 5. bxa6 g6 6. Nc3 Bxa6 7. Nf3 Bg7 8. g3 d6 9. Bg2 Nbd7 10. Rb1 Nb6 11. O-O Nfd7 12. Qc2 O-O 13. Rd1 Nc4 14. b3 Qa5 15. Na4 Bb5 16. e4 Nde5 17. Nxe5 Nxe5 18. Nc3 Bd3 19. Rxd3 Nxd3 20. Qxd3 Qxc3 21. Qxc3 Bxc3 22. a3 e6 23. Bf1 Rfb8 24. Bd3 Kf8 25. Kf1 Ke7 26. Ke2 Kd7 27. Bc2 exd5 28. exd5 Re8+ 29. Kd3 Bd4 30. f3 Re1 31. a4 Rf1 32. f4 Rf3+ 33. Ke2 Rf2+ 34. Kd3 Rxh2 35. b4 Bg7 36. bxc5 dxc5 37. Bd1 c4+ 38. Ke4 Re8+ 39. Kf3 Re1 40. Ba3 Bd4 41. a5 f5 42. Ba4+ Kc8 0-1

[Event "Chigorin Memorial 2018"]
[Site "St. Petersburg"]
[Date "2018.11.01"]
[Round "6.76"]
[White "Slugin, Yaroslav"]
[Black "Danielyan, Vahe"]
[Result "0-1"]
[WhiteElo "2009"]
[BlackElo "2256"]
[PlyCount "134"]
[EventDate "2018.10.27"]
[EventType "swiss"]
[EventCountry "RUS"]
[WhiteTeam "Russland"]
[BlackTeam "Armenien"]
[WhiteTeamCountry "RUS"]
[BlackTeamCountry "ARM"]

1. d4 e6 2. Nf3 f5 3. Bg5 Be7 4. Bxe7 Qxe7 5. c3 Nf6 6. Nbd2 b6 7. e3 O-O 8. Bd3 Bb7 9. Qc2 d5 10. Ne5 Nbd7 11. Ndf3 c5 12. Qe2 c4 13. Bc2 b5 14. a3 Nxe5 15. Nxe5 Nd7 16. f4 Nxe5 17. fxe5 a5 18. O-O b4 19. Qd2 bxc3 20. bxc3 Bc6 21. Rfb1 Rab8 22. Qc1 h5 23. g3 h4 24. Kf2 Qg5 25. Rxb8 Rxb8 26. Rb1 Rxb1 27. Qxb1 hxg3+ 28. hxg3 Qh5 29. Qb6 Bd7 30. Qd8+ Be8 31. Ba4 Qh2+ 32. Kf1 Qh1+ 33. Ke2 Qg2+ 34. Kd1 Qf1+ 35. Kc2 Qg2+ 36. Kb1 Qg1+ 37. Kb2 Qg2+ 38. Bc2 Kf8 39. Qxa5 Qxg3 40. Qb4+ Kf7 41. a4 Qg5 42. a5 Qe7 43. Qb6 Qd7 44. Ka3 Qe7+ 45. Qb4 g5 46. Ba4 Bxa4 47. Kxa4 Qxb4+ 48. Kxb4 f4 49. exf4 gxf4 50. a6 f3 51. a7 f2 52. a8=Q f1=Q 53. Qb7+ Kg6 54. Qd7 Qf8+ 55. Kb5 Kf5 56. Kc6 Qa8+ 57. Qb7 Qxb7+ 58. Kxb7 Ke4 59. Kc6 Kd3 60. Kd6 Kxc3 61. Kxe6 Kxd4 62. Kf5 c3 63. e6 c2 64. e7 c1=Q 65. e8=Q Qc2+ 66. Kg5 Qg2+ 67. Kh5 Qf3+ 0-1

[Event "Chigorin Memorial 2018"]
[Site "St. Petersburg"]
[Date "2018.11.01"]
[Round "6.77"]
[White "Erdenieva, Oyuna"]
[Black "Lazhevskaya, Zhanni"]
[Result "1/2-1/2"]
[WhiteElo "2251"]
[BlackElo "2029"]
[PlyCount "96"]
[EventDate "2018.10.27"]
[EventType "swiss"]
[EventCountry "RUS"]
[WhiteTeam "Russland"]
[BlackTeam "Russland"]
[WhiteTeamCountry "RUS"]
[BlackTeamCountry "RUS"]

1. d4 Nf6 2. c4 e6 3. Nc3 Bb4 4. Qc2 O-O 5. a3 Bxc3+ 6. Qxc3 b6 7. Nf3 Bb7 8. e3 c5 9. Bd3 d6 10. O-O Ne4 11. Qc2 f5 12. Nd2 Qh4 13. d5 exd5 14. cxd5 Nxd2 15. Bxd2 Bxd5 16. Bxf5 Nc6 17. Bc3 Ne7 18. g3 Qh5 19. Be4 Rae8 20. Rfd1 Kh8 21. Rd2 Bxe4 22. Qxe4 Ng6 23. Qb7 Ne5 24. Bxe5 Qxe5 25. Qxa7 h5 26. Qxb6 Rb8 27. Qxd6 Qxd6 28. Rxd6 Rxb2 29. f4 Re8 30. Rad1 Rxe3 31. R1d2 Rxd2 32. Rxd2 Rxa3 33. Rd5 g6 34. Rxc5 Ra2 35. Rc1 Kg7 36. Rf1 Kf6 37. Rf2 Ra5 38. Kg2 Kf5 39. Re2 h4 40. Kh3 hxg3 41. hxg3 g5 42. Re8 gxf4 43. Rf8+ Kg6 44. gxf4 Kg7 45. Rb8 Kf6 46. Kg4 Kf7 47. f5 Ra1 48. Rb7+ Kf6 1/2-1/2

[Event "Chigorin Memorial 2018"]
[Site "St. Petersburg"]
[Date "2018.11.01"]
[Round "6.78"]
[White "Poznyak, Nazar"]
[Black "Emeljanov, Alexander"]
[Result "1/2-1/2"]
[WhiteElo "2016"]
[BlackElo "2244"]
[PlyCount "115"]
[EventDate "2018.10.27"]
[EventType "swiss"]
[EventCountry "RUS"]
[WhiteTeam "Russland"]
[BlackTeam "Russland"]
[WhiteTeamCountry "RUS"]
[BlackTeamCountry "RUS"]

1. d4 g6 2. c4 Bg7 3. Nc3 c5 4. Nf3 cxd4 5. Nxd4 Nc6 6. Nc2 Nf6 7. e4 O-O 8. Be2 d6 9. O-O Nd7 10. Be3 Nc5 11. Nd4 Bd7 12. Qd2 Nxd4 13. Bxd4 Bxd4 14. Qxd4 Bc6 15. Rfd1 Qb6 16. Rab1 a5 17. h4 Nd7 18. Nd5 Bxd5 19. exd5 Qxd4 20. Rxd4 Rfc8 21. Re4 Kf8 22. Re1 Rc7 23. b3 a4 24. g4 axb3 25. axb3 Ra2 26. g5 Nc5 27. Re3 Rb2 28. Bd1 b6 29. h5 gxh5 30. f4 f6 31. Rg3 fxg5 32. fxg5 Nd7 33. Rf3+ Ke8 34. Rf2 Rxf2 35. Kxf2 Ra7 36. Ke3 Ne5 37. Rf1 h4 38. Rh1 Ng6 39. Bc2 Kf7 40. Kd4 Ra2 41. Kc3 Kg7 42. Rh3 Ra1 43. Bxg6 hxg6 44. Rxh4 Rg1 45. Re4 Kf8 46. Kb4 Rxg5 47. Re3 Re5 48. Rf3+ Rf5 49. Re3 Re5 50. Rf3+ Rf5 51. Re3 g5 52. Kb5 g4 53. Rg3 Rf3 54. Rxg4 Rxb3+ 55. Kc6 Rb4 56. Rf4+ Ke8 57. Rh4 Kf7 58. Rf4+ 1/2-1/2

[Event "Chigorin Memorial 2018"]
[Site "St. Petersburg"]
[Date "2018.11.01"]
[Round "6.79"]
[White "Gagare, Shalmali"]
[Black "Klepikov, Nikita"]
[Result "1/2-1/2"]
[WhiteElo "2013"]
[BlackElo "2228"]
[PlyCount "107"]
[EventDate "2018.10.27"]
[EventType "swiss"]
[EventCountry "RUS"]
[WhiteTeam "Indien"]
[BlackTeam "Russland"]
[WhiteTeamCountry "IND"]
[BlackTeamCountry "RUS"]

1. d4 Nf6 2. c4 d6 3. g3 g6 4. Bg2 Bg7 5. Nf3 c6 6. Nc3 Bf5 7. O-O O-O 8. Ne1 Be6 9. b3 d5 10. cxd5 Nxd5 11. Ne4 Na6 12. Bb2 Nb6 13. e3 Bd5 14. Nd3 Nd7 15. Qd2 Bxe4 16. Bxe4 e5 17. dxe5 Ndc5 18. f3 Nxe4 19. fxe4 Nc5 20. Rad1 Nxd3 21. Qxd3 Qg5 22. Qe2 Rad8 23. Rxd8 Rxd8 24. Qf3 Qe7 25. Rd1 Rxd1+ 26. Qxd1 Bxe5 27. Bxe5 Qxe5 28. Qd4 Qxd4 29. exd4 f5 30. exf5 gxf5 31. Kf2 Kf7 32. Ke3 Ke6 33. Kf4 Kd5 34. Kxf5 Kxd4 35. g4 b5 36. b4 c5 37. bxc5 Kxc5 38. Ke4 a5 39. g5 b4 40. h4 a4 41. h5 b3 42. axb3 a3 43. g6 a2 44. g7 a1=Q 45. g8=Q Qh1+ 46. Kd3 Qd1+ 47. Ke3 Qd4+ 48. Ke2 Qb2+ 49. Kf1 Qb1+ 50. Kg2 Qe4+ 51. Kf2 Qf5+ 52. Kg2 Qe4+ 53. Kf2 Qh4+ 54. Qg3 1/2-1/2

[Event "Chigorin Memorial 2018"]
[Site "St. Petersburg"]
[Date "2018.11.01"]
[Round "6.80"]
[White "Ageichenko, Genadi A"]
[Black "Usacheva, Glafira"]
[Result "1-0"]
[WhiteElo "2225"]
[BlackElo "1939"]
[PlyCount "101"]
[EventDate "2018.10.27"]
[EventType "swiss"]
[EventCountry "RUS"]
[WhiteTeam "Russland"]
[BlackTeam "Russland"]
[WhiteTeamCountry "RUS"]
[BlackTeamCountry "RUS"]

1. c4 e6 2. d4 d5 3. Nf3 Nf6 4. Bg5 Nbd7 5. Nc3 c6 6. e3 Qa5 7. Nd2 Bb4 8. Qc2 dxc4 9. Bxf6 Nxf6 10. Nxc4 Bxc3+ 11. bxc3 Qc7 12. e4 b5 13. e5 bxc4 14. exf6 g6 15. g3 Bd7 16. Qd2 Qa5 17. Bxc4 Qf5 18. Qf4 Qxf4 19. gxf4 O-O-O 20. Rb1 Kc7 21. Kd2 c5 22. Ke3 Bc6 23. Rhc1 Bd5 24. Rb5 cxd4+ 25. cxd4 Kd6 26. Bxd5 exd5 27. Ra5 Rhe8+ 28. Kf3 Ke6 29. Rxa7 Kxf6 30. Rcc7 Rf8 31. a4 Rb8 32. Rd7 Ke6 33. Re7+ Kf6 34. a5 Rb3+ 35. Re3 Rb4 36. Ra6+ Kg7 37. Rd3 Ra4 38. f5 gxf5 39. Kf4 Re8 40. Kxf5 Re4 41. Rg3+ Kf8 42. Ra8+ Ke7 43. Ra7+ Kf8 44. Ra8+ Ke7 45. Re3 Raxd4 46. a6 Ra4 47. Ra7+ Kf8 48. Rxe4 Rxe4 49. Rb7 Ra4 50. a7 d4 51. Rb8+ 1-0

[Event "Chigorin Memorial 2018"]
[Site "St. Petersburg"]
[Date "2018.11.01"]
[Round "6.81"]
[White "Popovich, Alexey"]
[Black "Pogorelskikh, Sergey"]
[Result "0-1"]
[WhiteElo "1984"]
[BlackElo "2224"]
[PlyCount "64"]
[EventDate "2018.10.27"]
[EventType "swiss"]
[EventCountry "RUS"]
[WhiteTeam "Russland"]
[BlackTeam "Russland"]
[WhiteTeamCountry "RUS"]
[BlackTeamCountry "RUS"]

1. e4 c5 2. Nf3 Nc6 3. Bb5 g6 4. Bxc6 dxc6 5. d3 Bg7 6. h3 Nf6 7. Nc3 e5 8. Be3 Qd6 9. Qd2 O-O 10. Bh6 Ne8 11. O-O-O Nc7 12. Ne2 Ne6 13. h4 f6 14. g4 Nd4 15. Nexd4 cxd4 16. Rdg1 Be6 17. Bxg7 Kxg7 18. Rg3 h6 19. g5 fxg5 20. h5 Rf4 21. Nxg5 hxg5 22. Rxg5 Rh8 23. Qa5 Bf7 24. Rhg1 Rh6 25. Qxa7 Qe7 26. Qb8 Rh8 27. Qa7 Rf6 28. Qa5 c5 29. Qe1 Rh6 30. Qe2 Rf4 31. Qf1 Kh7 32. Qg2 Qf6 0-1

[Event "Chigorin Memorial 2018"]
[Site "St. Petersburg"]
[Date "2018.11.01"]
[Round "6.82"]
[White "Ter-Saakian, Grigorii"]
[Black "Tsaruk, Maksim"]
[Result "1/2-1/2"]
[WhiteElo "1982"]
[BlackElo "2215"]
[PlyCount "137"]
[EventDate "2018.10.27"]
[EventType "swiss"]
[EventCountry "RUS"]
[WhiteTeam "Russland"]
[BlackTeam "Weißrussland"]
[WhiteTeamCountry "RUS"]
[BlackTeamCountry "BLR"]

1. g3 d5 2. Nf3 Nf6 3. Bg2 Bf5 4. O-O e6 5. d3 h6 6. Nbd2 Be7 7. c4 c6 8. b3 O-O 9. Bb2 Nbd7 10. Re1 Bh7 11. a3 a5 12. h3 Re8 13. Rc1 Qb6 14. Bf1 Bd6 15. d4 Qd8 16. c5 Bc7 17. b4 axb4 18. axb4 e5 19. dxe5 Nxe5 20. Nxe5 Bxe5 21. Bxe5 Rxe5 22. Ra1 Rc8 23. Ra7 b6 24. Qa1 Re8 25. e3 bxc5 26. bxc5 d4 27. Nc4 dxe3 28. Rxe3 Rxe3 29. Nxe3 Bg6 30. Bc4 Rb8 31. Qa2 Kh7 32. Bb3 Qd4 33. Bc2 Ne4 34. Ra4 Rb4 35. Rxb4 Qxb4 36. Bxe4 Bxe4 37. Qc4 Qb1+ 38. Qf1 Qb4 39. Qc4 Qe1+ 40. Qf1 Qc3 41. Qc4 Qxc4 42. Nxc4 Kg6 43. f4 Kf6 44. Kf2 Ke6 45. Nb6 h5 46. Ke3 Bc2 47. h4 Kf5 48. Nc8 Kg4 49. Kf2 f6 50. Nd6 g5 51. fxg5 fxg5 52. hxg5 Kxg5 53. Ke3 Kg4 54. Kf2 Bb3 55. Nc8 Be6 56. Nd6 Bd5 57. Nc8 Kf5 58. Ke3 Ke5 59. Nb6 Bf7 60. Kd3 Bg6+ 61. Ke3 Bf5 62. Nc4+ Kd5 63. Nd6 Bh3 64. Nb7 Bf1 65. Kf4 Ba6 66. Nd8 Kxc5 67. g4 h4 68. g5 Kd6 69. Nxc6 1/2-1/2

[Event "Chigorin Memorial 2018"]
[Site "St. Petersburg"]
[Date "2018.11.01"]
[Round "6.83"]
[White "Shkurkin, Andrey"]
[Black "Shkuratov, Vladimir"]
[Result "0-1"]
[WhiteElo "2201"]
[BlackElo "1833"]
[PlyCount "82"]
[EventDate "2018.10.27"]
[EventType "swiss"]
[EventCountry "RUS"]
[WhiteTeam "Russland"]
[BlackTeam "Russland"]
[WhiteTeamCountry "RUS"]
[BlackTeamCountry "RUS"]

1. c4 Nf6 2. g3 g6 3. Bg2 Bg7 4. Nc3 O-O 5. Nf3 d6 6. O-O Nc6 7. d3 e5 8. Rb1 Be6 9. b4 h6 10. b5 Ne7 11. a4 Qc8 12. Ba3 Bh3 13. Nxe5 Bxg2 14. Kxg2 Nh7 15. d4 dxe5 16. Bxe7 Re8 17. Bc5 b6 18. Ba3 exd4 19. Nd5 c5 20. Bc1 Nf6 21. Nxf6+ Bxf6 22. Qd3 Qe6 23. Re1 Kg7 24. Bd2 Qe4+ 25. Kg1 a6 26. Ra1 axb5 27. Qxe4 Rxe4 28. cxb5 c4 29. Bf4 c3 30. Kf1 Re7 31. Ra2 Be5 32. Bxe5+ Rxe5 33. Rd1 Rxb5 34. Rxd4 Rb1+ 35. Kg2 b5 36. Rc2 b4 37. e4 Rxa4 38. Rc4 Ra7 39. e5 Rb7 40. Kf3 Re1 41. Re2 Rxe2 0-1

[Event "Chigorin Memorial 2018"]
[Site "St. Petersburg"]
[Date "2018.11.01"]
[Round "6.84"]
[White "Pestryakov, Nikita"]
[Black "Chernyak, Viktoria"]
[Result "0-1"]
[WhiteElo "1959"]
[BlackElo "2200"]
[PlyCount "134"]
[EventDate "2018.10.27"]
[EventType "swiss"]
[EventCountry "RUS"]
[WhiteTeam "Russland"]
[BlackTeam "Russland"]
[WhiteTeamCountry "RUS"]
[BlackTeamCountry "RUS"]

1. e4 Nf6 2. e5 Nd5 3. d4 d6 4. c4 Nb6 5. exd6 exd6 6. Nc3 Be7 7. Be3 O-O 8. Bd3 Nc6 9. a3 Re8 10. Nge2 Bg5 11. Bxg5 Qxg5 12. O-O Bg4 13. Qc1 Qf6 14. Qd2 Na5 15. Ne4 Qe7 16. N2g3 Naxc4 17. Qf4 Be6 18. Nh5 Nd7 19. Ng5 g6 20. d5 Bxd5 21. Bxc4 Bxc4 22. Qxc4 Qxg5 23. Qxc7 Nc5 24. Ng3 Qd8 25. Qxd8 Raxd8 26. Rad1 f5 27. b4 Ne6 28. Ne2 Kf7 29. Nc3 Nc7 30. g3 Re5 31. Rd2 Nb5 32. f4 Nxc3 33. fxe5 Ne4 34. Rd5 Ke6 35. Rfd1 Rb8 36. R5d3 dxe5 37. Rd7 h5 38. Rg7 g5 39. Rdd7 Nd6 40. Rge7+ Kf6 41. Rh7 Ke6 42. Rde7+ Kf6 43. Rc7 Kg6 44. Rhd7 Ne8 45. Rxb7 Rc8 46. Rxa7 f4 47. gxf4 gxf4 48. Rd5 Rc1+ 49. Kf2 Nf6 50. Rd2 Ne4+ 51. Ke2 f3+ 52. Kxf3 Nxd2+ 53. Ke3 Nb3 54. Ke4 Re1+ 55. Kd5 Kf6 56. b5 Rd1+ 57. Ke4 Nc5+ 58. Ke3 Rd3+ 59. Ke2 Rb3 60. a4 Rb4 61. Rh7 h4 62. b6 Nxa4 63. b7 Nc5 64. Rxh4 Rxb7 65. Rc4 Ne6 66. h4 Kf5 67. h5 Nf4+ 0-1

[Event "Chigorin Memorial 2018"]
[Site "St. Petersburg"]
[Date "2018.11.01"]
[Round "6.85"]
[White "Pavlov, Mark"]
[Black "Eynullayev, Atilla"]
[Result "0-1"]
[WhiteElo "1924"]
[BlackElo "2164"]
[PlyCount "52"]
[EventDate "2018.10.27"]
[EventType "swiss"]
[EventCountry "RUS"]
[WhiteTeam "Russland"]
[BlackTeam "Aserbeidschan"]
[WhiteTeamCountry "RUS"]
[BlackTeamCountry "AZE"]

1. d4 Nf6 2. Nf3 g6 3. Nc3 d5 4. Bf4 Bg7 5. e3 O-O 6. Be2 c5 7. Ne5 b6 8. h4 h5 9. Rg1 Be6 10. g4 hxg4 11. Bxg4 Bxg4 12. Nxg4 Nh5 13. Be5 e6 14. Bxg7 Kxg7 15. Qd2 Qxh4 16. O-O-O Rh8 17. Ne5 Nf6 18. Qd3 Rh6 19. dxc5 bxc5 20. Qb5 Qxf2 21. Rde1 Rh2 22. Ne2 Qxe3+ 23. Kb1 Qxe5 24. Qb7 Rxe2 25. Rc1 Nbd7 26. Qxa8 Qc7 0-1

[Event "Chigorin Memorial 2018"]
[Site "St. Petersburg"]
[Date "2018.11.01"]
[Round "6.87"]
[White "Klevets, Ksenia"]
[Black "Vunder, Andrey"]
[Result "1/2-1/2"]
[WhiteElo "1834"]
[BlackElo "2162"]
[PlyCount "80"]
[EventDate "2018.10.27"]
[EventType "swiss"]
[EventCountry "RUS"]
[WhiteTeam "Russland"]
[BlackTeam "Russland"]
[WhiteTeamCountry "RUS"]
[BlackTeamCountry "RUS"]

1. d4 d5 2. Nf3 Nf6 3. c3 Bf5 4. Bf4 e6 5. Qb3 Qc8 6. c4 c6 7. Nc3 Nbd7 8. e3 Be7 9. Be2 h6 10. h3 dxc4 11. Bxc4 Nb6 12. Be2 Nbd5 13. Bh2 Nb4 14. Rc1 Nd3+ 15. Bxd3 Bxd3 16. Nd5 exd5 17. Qxd3 Qd8 18. O-O O-O 19. Ne5 Bd6 20. Kh1 Re8 21. a3 Qe7 22. Nf3 Bxh2 23. Kxh2 Ne4 24. Nd2 Nd6 25. Kh1 Qh4 26. Nf3 Qh5 27. Ne5 Rad8 28. Qd1 Qg5 29. Qg4 f6 30. Qxg5 hxg5 31. Nd3 Kf7 32. g3 Ne4 33. Nc5 Nd6 34. Nd3 Ne4 35. Nc5 Nd6 36. Nd3 Ne4 37. Nc5 Nd6 38. Nd3 Ne4 39. Nc5 Nd6 40. Nd3 Ne4 1/2-1/2

[Event "Chigorin Memorial 2018"]
[Site "St. Petersburg"]
[Date "2018.11.01"]
[Round "6.88"]
[White "Smorodkin, Kirill"]
[Black "Postnikov, Roman"]
[Result "1-0"]
[WhiteElo "1819"]
[BlackElo "2158"]
[PlyCount "61"]
[EventDate "2018.10.27"]
[EventType "swiss"]
[EventCountry "RUS"]
[WhiteTeam "Russland"]
[BlackTeam "Russland"]
[WhiteTeamCountry "RUS"]
[BlackTeamCountry "RUS"]

1. e4 c5 2. Nf3 e6 3. d4 cxd4 4. Nxd4 Nc6 5. Nc3 Qc7 6. Be3 Nf6 7. Qf3 Bb4 8. Ndb5 Qb8 9. a3 Be7 10. O-O-O a6 11. Nd4 Bd6 12. Nxc6 bxc6 13. g4 Be5 14. g5 Ng8 15. h4 Ne7 16. h5 Bxc3 17. bxc3 Qe5 18. Bf4 Qc5 19. c4 e5 20. Bd2 a5 21. Qe3 Qd4 22. Qxd4 exd4 23. Bf4 Bb7 24. c5 Ba6 25. Bh3 Bc4 26. Rxd4 Be6 27. Be5 f6 28. Bxe6 fxe5 29. Bxd7+ Kf7 30. Rd3 a4 31. Rf3+ 1-0

[Event "Chigorin Memorial 2018"]
[Site "St. Petersburg"]
[Date "2018.11.01"]
[Round "6.89"]
[White "Semenenko, Sergey"]
[Black "Chertkov, Maksim"]
[Result "1-0"]
[WhiteElo "2157"]
[BlackElo "1502"]
[PlyCount "89"]
[EventDate "2018.10.27"]
[EventType "swiss"]
[EventCountry "RUS"]
[WhiteTeam "Russland"]
[BlackTeam "Russland"]
[WhiteTeamCountry "RUS"]
[BlackTeamCountry "RUS"]

1. d4 Nf6 2. c4 g6 3. Nc3 d5 4. Nf3 Bg7 5. cxd5 Nxd5 6. e4 Nxc3 7. bxc3 c5 8. Rb1 O-O 9. Be2 Nc6 10. d5 Bxc3+ 11. Bd2 Bxd2+ 12. Qxd2 Na5 13. h4 Bg4 14. h5 Bxf3 15. gxf3 e5 16. Qc3 Re8 17. Qxc5 b6 18. Qe3 Nb7 19. Ba6 Nd6 20. Ke2 Qd7 21. hxg6 fxg6 22. Qb3 Rf8 23. Rbc1 Rf6 24. Rc3 Raf8 25. Re3 b5 26. Rc1 Qh3 27. Bxb5 Nxb5 28. Qxb5 Rxf3 29. Kd3 Qh5 30. d6 Rxf2 31. d7 Qh2 32. Kc3 Rxa2 33. Qb3+ Kg7 34. Rd3 Qf2 35. Qb4 Qf6 36. Qc5 Ra6 37. d8=Q Rxd8 38. Qc7+ Kh6 39. Rh3+ Kg5 40. Rg1+ Kf4 41. Rf1+ Kg4 42. Rxf6 Rxf6 43. Qxd8 Rc6+ 44. Kd3 Rb6 45. Qh4# 1-0

[Event "Chigorin Memorial 2018"]
[Site "St. Petersburg"]
[Date "2018.11.01"]
[Round "6.90"]
[White "Gurskiy, Dmitriy"]
[Black "Arbuzov, Mikhail"]
[Result "1-0"]
[WhiteElo "1701"]
[BlackElo "2146"]
[PlyCount "163"]
[EventDate "2018.10.27"]
[EventType "swiss"]
[EventCountry "RUS"]
[WhiteTeam "Russland"]
[BlackTeam "Russland"]
[WhiteTeamCountry "RUS"]
[BlackTeamCountry "RUS"]

1. e4 c5 2. Nf3 d6 3. d4 cxd4 4. Nxd4 Nf6 5. Nc3 g6 6. Be3 Bg7 7. f3 O-O 8. Qd2 Nc6 9. O-O-O d5 10. Qe1 e5 11. Nxc6 bxc6 12. exd5 cxd5 13. Bg5 Be6 14. Bc4 Qc7 15. Bxf6 dxc4 16. Bxg7 Kxg7 17. Nd5 Bxd5 18. Rxd5 Rfe8 19. Qe3 Rac8 20. c3 Re7 21. h4 Qb6 22. Qd2 Qf6 23. Re1 Qxh4 24. Rdxe5 Rxe5 25. Rxe5 Rd8 26. Qe2 Qf4+ 27. Qe3 Qh4 28. Kc2 Rd3 29. Qe2 Qf6 30. Re4 Qa6 31. Rxc4 Qxc4 32. Qxd3 Qxa2 33. Qd4+ f6 34. g4 Qa6 35. Qe4 Kf7 36. b4 h5 37. gxh5 gxh5 38. Qh7+ Ke6 39. Qxh5 Qa2+ 40. Kd3 Qb1+ 41. Kc4 Qf1+ 42. Kc5 Qf2+ 43. Kb5 Qf1+ 44. c4 Qa1 45. Qe8+ Kd6 46. c5+ Kc7 47. Qe7+ Kc8 48. Qe6+ Kd8 49. Qd6+ Ke8 50. Qe6+ Kd8 51. Qd6+ Ke8 52. Qd5 Qf1+ 53. Kc6 Qa6+ 54. Kc7 Qa1 55. b5 Qa5+ 56. b6 axb6 57. Qc6+ Ke7 58. cxb6 f5 59. Kb8 f4 60. b7 Qa1 61. Qe4+ Kd7 62. Qd5+ Ke7 63. Qc5+ Kd7 64. Qc7+ Ke6 65. Qc6+ Ke7 66. Kc7 Qa5+ 67. Qb6 Qe5+ 68. Kc6 Qd6+ 69. Kb5 Qd3+ 70. Ka5 Qa3+ 71. Kb5 Qd3+ 72. Ka4 Qc2+ 73. Qb3 Qc6+ 74. Ka5 Qc7+ 75. Qb6 Qb8 76. Ka6 Kd7 77. Qc5 Ke6 78. Qa7 Qe5 79. Qb6+ Kd7 80. b8=Q Qa1+ 81. Qa5 Qf6+ 82. Qbb6 1-0

[Event "Chigorin Memorial 2018"]
[Site "St. Petersburg"]
[Date "2018.11.01"]
[Round "6.91"]
[White "Atakishiev, Emil"]
[Black "Sinitsina, Anastassia"]
[Result "1-0"]
[WhiteElo "1658"]
[BlackElo "2130"]
[PlyCount "69"]
[EventDate "2018.10.27"]
[EventType "swiss"]
[EventCountry "RUS"]
[WhiteTeam "Russland"]
[BlackTeam "Estland"]
[WhiteTeamCountry "RUS"]
[BlackTeamCountry "EST"]

1. e4 e5 2. Nf3 Nc6 3. Bb5 a6 4. Ba4 Nf6 5. O-O Nxe4 6. d4 b5 7. Bb3 d5 8. dxe5 Be6 9. Nbd2 Nc5 10. c3 Nxb3 11. Nxb3 Be7 12. Nfd4 Nxd4 13. cxd4 O-O 14. Bd2 f6 15. f4 fxe5 16. fxe5 Bf5 17. a3 Rf7 18. Bb4 Bg5 19. Qe2 Qe8 20. Rae1 Qe6 21. Nc5 Qg6 22. e6 Rf6 23. Nd7 Rxe6 24. Ne5 Rxe5 25. Qxe5 Be4 26. Rxe4 Qxe4 27. Qxg5 Qxd4+ 28. Kh1 Qc4 29. Rc1 Qd3 30. Bc3 Kf7 31. Qxg7+ Ke6 32. Qf6+ Kd7 33. Be5 c5 34. Qf7+ Kd8 35. Bf6+ 1-0

[Event "Chigorin Memorial 2018"]
[Site "St. Petersburg"]
[Date "2018.11.01"]
[Round "6.92"]
[White "Wartiovaara, Oliver"]
[Black "Chashchev, Sergey"]
[Result "0-1"]
[WhiteElo "1984"]
[BlackElo "2313"]
[PlyCount "54"]
[EventDate "2018.10.27"]
[EventType "swiss"]
[EventCountry "RUS"]
[WhiteTeam "Finnland"]
[BlackTeam "Russland"]
[WhiteTeamCountry "FIN"]
[BlackTeamCountry "RUS"]

1. d4 d6 2. c4 e5 3. Nf3 e4 4. Ng5 f5 5. Nh3 Nf6 6. Bg5 Be7 7. e3 O-O 8. Nc3 Be6 9. Nf4 Bf7 10. h4 Nbd7 11. Be2 c6 12. Qd2 a6 13. f3 b5 14. fxe4 b4 15. exf5 bxc3 16. Qxc3 Ne4 17. Bxe7 Qxe7 18. Qd3 Ndf6 19. g4 d5 20. c5 Qb7 21. Qa3 Ng3 22. Rg1 Nxe2 23. Kxe2 Rab8 24. Rab1 Rfe8 25. Kf3 Qe7 26. Qd3 Qe4+ 27. Qxe4 dxe4+ 0-1

[Event "Chigorin Memorial 2018"]
[Site "St. Petersburg"]
[Date "2018.11.01"]
[Round "6.93"]
[White "Yarosh, Ruslan"]
[Black "Prokopchuk, Yury"]
[Result "1/2-1/2"]
[WhiteElo "1981"]
[BlackElo "2275"]
[PlyCount "145"]
[EventDate "2018.10.27"]
[EventType "swiss"]
[EventCountry "RUS"]
[WhiteTeam "Russland"]
[BlackTeam "Russland"]
[WhiteTeamCountry "RUS"]
[BlackTeamCountry "RUS"]

1. e4 Nf6 2. Nc3 d5 3. e5 d4 4. exf6 dxc3 5. fxg7 cxd2+ 6. Qxd2 Qxd2+ 7. Bxd2 Bxg7 8. O-O-O Nc6 9. Bb5 Bd7 10. Nf3 h6 11. Rhe1 e6 12. Re4 O-O-O 13. Rde1 Rdg8 14. Rf4 e5 15. Rh4 Re8 16. Bc3 f6 17. Rhe4 h5 18. R4e2 Rhg8 19. Nd2 Bh6 20. f3 h4 21. Kb1 Rg6 22. Ne4 Reg8 23. Bd3 Bf4 24. h3 b6 25. Ba6+ Kb8 26. Rd1 Be6 27. Be1 Nd4 28. Rf2 Nf5 29. Bd2 Ne3 30. Bxe3 Bxe3 31. Re2 Bf4 32. Rf2 f5 33. Nc3 Be3 34. Re2 Bd4 35. Nb5 Bc4 36. Nxd4 Bxa6 37. Rxe5 Rd6 38. Kc1 f4 39. Nf5 Rxd1+ 40. Kxd1 Rxg2 41. Nxh4 Rh2 42. Rf5 Be2+ 43. Kc1 Rxh3 44. Rxf4 Rh1+ 45. Kd2 Rh2 46. Kc1 Rf2 47. b3 Kb7 48. Rf6 Rh2 49. Rf4 Rh3 50. Kd2 Rh2 51. Kc1 Bb5 52. Nf5 Be8 53. Kb2 Bg6 54. b4 a6 55. Kc3 a5 56. a3 Rf2 57. Nd4 c5 58. bxc5 bxc5 59. Nf5 Bh5 60. Nd6+ Kc6 61. Nc4 Kb5 62. Ne5 a4 63. Rf5 Rh2 64. Nd3 Rh3 65. Rxc5+ Kb6 66. Rc4 Be8 67. f4 Rf3 68. Rb4+ Ka5 69. Re4 Bb5 70. Re5 Kb6 71. f5 Bd7 72. Kd4 Bxf5 73. Kc3 1/2-1/2